000 00397nam a2200145 a 4500
999 _c3924
_d3924
020 _a8131715736 (paperback)
020 _a9788131715734 (paperback)
100 _aWendell Odom
245 0 0 _aCCNA ICND2: Official Exam Certification Guide
250 _a2nd edition
260 _a[S.l.] :
_bPearson,
300 _a1 v. (unpaged)
856 4 0 _uhttp://10.10.170.122:8080/browse/book/2770
942 _cBK